000 00310nam a22001337a 4500
008 180903b xxu||||| |||| 00| 0 eng d
020 _a0891188177
041 _aeng
080 _a541
100 _a12
101 _aKIM
245 _aChemical Equilibrium and Reaction Models
_cLoeppert, R.H
942 _2udc
_cBK
999 _c47489
_d47489